| 000 | 01397nam2a22002651 4500 | ||
|---|---|---|---|
| 001 | rc\3980082 | ||
| 005 | 20250610123040.0 | ||
| 035 | _a(NLR Aleph) 007900751 | ||
| 090 |
_a8036431 _c8036431 |
||
| 100 | _a20130415d1956 |||y0rusy50 ca | ||
| 101 | 0 | _arus | |
| 102 | _aRU | ||
| 105 | _ac z ||||| | ||
| 200 | 1 |
_aЕфтифрон _aАпология Сократа _aКритон _aФедон _f[Пер., введ. и примеч. С. Жебелева] |
|
| 210 |
_d1956 _aБ. м. |
||
| 215 | _a216 с., 1 л. портр. | ||
| 461 | 0 |
_1001rc\3980081 _12001#$aПолное собрание творений$eВ 15 т.$fНовый пер. под ред. С.А. Жебелева.$vТ. 1 _1700#0$aПлатон$f427-347 до н.э.$3RU\NLR\AUTH\779049 _98036425 _aПлатон (427-347 до н.э.) _cПетербург _d1922-1929 _fновый перевод [с греческого] под редакцией С. А. Жебелева, Л. П. Карсавина, Э. Л. Радлова _nAcademia _oв 15 томах _tПолное собрание творений Платона _vТ. 1 |
|
| 702 | 1 |
_4730 _4080 _4212 _7ca _8rus _aЖебелев _bС. А. _f1867-1941 _gСергей Александрович _9266183 _3RU\NLR\AUTH\770266239 |
|
| 801 | 0 |
_aRU _bNLR _gpsbo |
|
| 801 | 1 |
_aRU _bELAR _2rusmarc |
|
| 852 |
_aNLR _j38.3.7.10(1) |
||
| 852 |
_aNLR _jМф К1/3194 |
||
| 942 | _cBOOK | ||
| 980 | _aNB | ||